Enfrentando nuevos retos: memoria anual sobre la labor de la organización 1995
Saved in:
| 主要作者: | |
|---|---|
| 格式: | 圖書 |
| 語言: | 西班牙语 |
| 出版: |
New York, USA
Naciones Unidas
1995
|
| 主題: | |
| 標簽: |
添加標簽
沒有標簽, 成為第一個標記此記錄!
|
MARC
| LEADER | 00000nam a2200000 a 4500 | ||
|---|---|---|---|
| 001 | UCU1277 | ||
| 003 | CL-VaPUC | ||
| 005 | 20220222074010.0 | ||
| 008 | 960404e19950000US |||||||||||||||||spa|d | ||
| 999 | |c 245948 |d 245946 | ||
| 040 | |c Pontificia Universidad Católica de Valparaíso | ||
| 082 | 0 | 4 | |a 341.232 BOU 1995 |2 21 |
| 100 | 0 | |a Boutros Ghali, Boutros |9 356903 | |
| 245 | 1 | 0 | |a Enfrentando nuevos retos: memoria anual sobre la labor de la organización 1995 |
| 260 | 0 | 3 | |a New York, USA |b Naciones Unidas |c 1995 |
| 300 | |a 420 páginas | ||
| 583 | |a last modification |c 20190902 12:00:20 |k Rodrigo Vera | ||
| 650 | 7 | |a NACIONES UNIDAS |2 CL-VaPUC |9 308939 | |
| 650 | 0 | |a Paz |9 259242 | |
| 650 | 0 | |a Diplomacia |9 256483 | |
| 650 | 0 | |a Desarme |9 255227 | |
| 942 | |c BK |2 ddc | ||
| 945 | |d 19960404 00:00:00 |a rbrito | ||
| 952 | |0 0 |1 0 |2 ddc |4 0 |6 341_232000000000000_BOU_1995 |7 0 |8 A |9 260587 |a BIBDER |b BIBDER |d 2019-11-19 |i 3185060 |o 341.232 BOU 1995 |p 3185060 |r 2023-01-25 |t 1 |w 2019-11-19 |y BK |k DER | ||
| 952 | |0 0 |1 0 |2 ddc |4 0 |6 341_232000000000000_BOU_1995 |7 0 |8 A |9 260588 |a BIBHIS |b BIBHIS |d 2019-11-19 |i 3186423 |o 341.232 BOU 1995 |p 3186423 |r 2025-01-20 |t 2 |w 2019-11-19 |y BK |k HIS | ||